Finland in the Eurovision Song Contest - Statistics

General Stats
  • This quiz has been taken 30 times
    6 since last reset
  • The average score is 19 of 59
Answer Stats
Answer % Correct
Cha Cha Cha
100%
Ich komme
100%
Dark Side
83%
Hard Rock Hallelujah
83%
No Rules!
83%
Blackbird
67%
Jezebel
67%
Liekinheitin
67%
Look Away
67%
Monsters
67%
Sing It Away
67%
Something Better
67%
Aina mun pitää
50%
Marry Me
50%
Bye Bye Baby
33%
Da Da Dam
33%
Eläköön elämä
33%
Huilumies
33%
Lapponia
33%
Leave Me Alone
33%
Lose Control
33%
Missä miehet ratsastaa
33%
När jag blundar
33%
Reggae O.K.
33%
Takes 2 to Tango
33%
Tipi-tii
33%
Tom Tom Tom
33%
Työlki ellää
33%
Yamma Yamma
33%
Aava
17%
Addicted to You
17%
A Little Bit
17%
Fantasiaa
17%
Fri?
17%
Hengaillaan
17%
Hullu yö
17%
Katson sineen taivaan
17%
Keep Me Warm
17%
Kuin silloin ennen
17%
La dolce vita
17%
Muistojeni laulu
17%
Niin kaunis on taivas
17%
Nuku pommiin
17%
Playboy
17%
Pump-Pump
17%
Sata salamaa
17%
Tule luo
17%
Varjoon - suojaan
17%
Why?
17%
Anna rakkaudelle tilaisuus
0%
Aurinko laskee länteen
0%
Kun kello käy
0%
Laiskotellen
0%
Muistathan
0%
Nauravat silmät muistetaan
0%
Never The End
0%
Old Man Fiddle
0%
Tie uuteen päivään
0%
Valoa ikkunassa
0%
No matching quizzes found
Score Distribution
Percent of People with Each Score
Percentile by Number Answered
Your Score History
You have not taken this quiz since the last reset